| 000 | 00502nam a2200157 i 4500 | ||
|---|---|---|---|
| 001 | 78636 | ||
| 003 | ES-MaACL | ||
| 005 | 20230906173753.0 | ||
| 007 | t| | ||
| 008 | 041015s1921 fr ||||1| fre d | ||
| 100 | 1 |
_aHalévy, Daniel. _961534 |
|
| 245 | 1 | 3 |
_aLe courier de M. Thiers _b: d'aprés les documents conservés au departament des manuscrits de la Bibliotheque Nationale / _cDaniel Halévy. |
| 260 |
_a[Lagny : _bE. Grevin], _c1921. |
||
| 300 |
_a512 p. ; _c23 cm. |
||
| 852 |
_aES-MaACL _jC-2165 |
||
| 999 |
_c78636 _d78636 |
||